| 000 | 01004nam a22003017a 4500 | ||
|---|---|---|---|
| 001 | 5835 | ||
| 003 | FISKH | ||
| 005 | 20250131121541.0 | ||
| 008 | 250124b cb ||||| |||| 00| 0 eng d | ||
| 020 | _a0439318327 | ||
| 040 |
_aFISKH _beng _cFISKH _dFISKH |
||
| 050 | _aPZ8.T328 | ||
| 082 | _a813.54 | ||
| 100 |
_aThong, Roseanne _d(1960-) |
||
| 245 |
_aRound is a Mooncake : _bA book of shapes / _cwritten by Roseanne Thong ; illustrated by Grace Lin |
||
| 250 | _aFirst printing in 2001 | ||
| 260 |
_aSan Francisco : _bScholastic, _c2001. |
||
| 300 |
_a34 pages : _bcolor illustrations ; _c23 cm |
||
| 505 | _aJ | ||
| 520 | _aAs a little girl discovers things round, square, and rectangular in her urban neighborhood, she is reminded of her Chinese American culture. | ||
| 521 | 8 |
_a430
_bLexile estimate |
|
| 521 | 8 |
_aJ
_bRaz-Plus |
|
| 650 |
_2Chinese Americans _aPicture book |
||
| 650 |
_2Shape _aMath |
||
| 700 |
_aLin, Grace _dillustrator |
||
| 942 |
_2ddc _cBK _n0 |
||
| 999 |
_c5835 _d5835 |
||